000 00904nas a2200253 i 4500
001 1842
003 ES-MaACL
005 20250809062531.0
007 t|
008 950801c1946 sp | | 1 ||pa d
080 _a460
245 0 0 _aRevista española de derecho canónico /
_c[dir. Francisco Barbado Viejo].
260 _aMadrid :
_bConsejo Superior de Investigaciones Científicas, Instituto "San Raimundo de Peñafort",
_c1946- (
_fFlo-Rez)
300 _a5 v. ;
_c25 cm.
310 _aCuatrimestral
362 0 _aV. I (ene. 1946)-
650 1 7 _aDerecho
_2embne
_911602
700 1 _aBarbado Viejo, Francisco,
_cObispo de Salamanca.
_9139678
710 2 _aConsejo Superior de Investigaciones Científicas (España)
_93236
710 2 _aInstituto San Raimundo de Peñafort.
_9180890
852 _aES-MaACL
_jHem-341
866 0 _o1946-47(1948f.n.9)(1949f.n.10)(1950).
999 _c1842
_d1842